000 00613nam a22001695i 4500
001 52935
003 ES-MaACL
007 t|
008 950905s1881 sp ||||1| spa d
040 _aCAM
_bspa
_cCAM
100 1 _aDoelter, C.
_944983
245 1 0 _aDeterminación de los principales minerales petrográficos con el auxilio del microscopio... /
_cpor C. Doelter; traducción del alemán por José María Solano y Eulate.
260 _aMadrid :
_b[s.n.],
_c1881 (
_fimprenta de Gregorio Juste)
300 _a64 p. ;
_c16 cm.
700 1 _aSolano y Eulate, José María.
_9107091
852 _aES-MaACL
_jT-912-F-1
999 _c52935
_d52935